LEADER 02170nam 2200409Ia 450 001 996387760803316 005 20200824132608.0 035 $a(CKB)4940000000087030 035 $a(EEBO)2240862547 035 $a(OCoLC)ocm51784721e 035 $a(OCoLC)51784721 035 $a(EXLCZ)994940000000087030 100 $a20030304d1693 uy 0 101 0 $aeng 135 $aurbn||||a|bb| 200 14$aThe compleat English scholar, in spelling, reading, and writing$b[electronic resource] $econtaining plain and easie directions for spelling, and reading English, according to the present pronunciation. With several tables of common words, and proper names in the Bible and elsewhere ... And directions for true writing of English, with several copies of the most usual hands engraven in copper. Also examples of the different writing and pronouncing of the same words in the English tongue. Lastly, how to spell words as are alike in sound, but differ in their sence [sic] and spelling; with the use of all stops and points in spelling and writing; and the interpretation of English Christian names ... /$fby E. Young, schoolmaster in London 205 $aThe 10th ed. 210 $aLondon $cPrinted by Freeman Collins for Thomas Guy ...$d1693 215 $a[10], 3-110 p. $cill., tables 300 $aAdded engraved t.p.: The compleat English school teaching to read & write English exactly. 300 $aReproduction of original in: National Library of Scotland. 330 $aeebo-0097 606 $aEnglish language$xOrthography and spelling$vEarly works to 1800 606 $aEnglish language$xPhonetics$vEarly works to 1800 606 $aEnglish language$xWriting$vEarly works to 1800 606 $aReading$vEarly works to 1800 615 0$aEnglish language$xOrthography and spelling 615 0$aEnglish language$xPhonetics 615 0$aEnglish language$xWriting 615 0$aReading 700 $aYoung$b E.$cschoolmaster in London.$0415669 801 0$bEAE 801 1$bEAE 906 $aBOOK 912 $a996387760803316 996 $aThe compleat English scholar, in spelling, reading, and writing$92396531 997 $aUNISA LEADER 00827nam 2200265 450 001 996704360203316 005 20260130090200.0 100 $a20251128d1965----km y0itay5003 ba 101 0 $aita 102 $aIT 105 $ay 00 y 200 1 $aArt. 113-116$fAndrea Giardina 210 $aMilano$cGiuffrè$d1965 215 $a927-946 p.$d25 cm 300 $aIn testa al frontespizio: Trattato istitutivo della comunità economica europea : commentario / diretto da Rolando Quadri, Riccardo Monaco, Alberto Trabucchi. 606 0 $aPolitica commerciale$2BNCF 676 $a381.3 700 1$aGIARDINA,$bAndrea$0298020 801 0$aIT$bcba$gREICAT 912 $a996704360203316 951 $aXVI.7.Misc. 1893$b1924 FBUO$cXVI.7.Misc. 959 $aBK 969 $aFBUO 996 $aArt. 113-116$94535029 997 $aUNISA